[Event "Zlin Region-chT 2324"]
[White "Kubacak, Lubomir"]
[Black "Martinak, Cyril"]
[Site "Czech Republic"]
[Round "9.4"]
[Result "1/2-1/2"]
[Date "2024.03.03"]
[WhiteElo "1874"]
[BlackElo "1888"]
[PlyCount "56"]
[EventDate "2023.10.22"]
[EventType "team-tourn"]
[EventRounds "11"]
[EventCountry "CZE"]
[SourceTitle "EXT 2025"]
[Source "ChessBase"]
[SourceDate "2024.10.14"]
[SourceVersion "1"]
[SourceVersionDate "2024.10.14"]
[SourceQuality "1"]
[WhiteTeam "Francova Lhota Sokol"]
[BlackTeam "Valasske Mezirici"]
[WhiteTeamCountry "CZE"]
[BlackTeamCountry "CZE"]

1. Nf3 d5 2. d4 e6 3. c4 Nf6 4. Nc3 c6 5. e3 Bd6 6. Bd3 0-0 7. 0-0 Nbd7 8. Qc2 e5 9. cxd5 cxd5 10. dxe5 Nxe5 11. Nxe5 Bxe5 12. h3 h6 13. Ne2 Bd7 14. Bd2 Rc8 15. Qb3 Bc6 16. Nd4 Bb8 17. Bf5 Qc7 18. g3 Rcd8 19. Rac1 Nh5 20. Be1 Rfe8 21. Qc2 g6 22. Bd3 Qe5 23. Nf3 Qd6 24. Qc5 Qe6 25. g4 Nf6 26. Nd4 Qe5 27. Nf3 Qe6 28. Nd4 Qe5 1/2-1/2